000
00339nam a22001577a 4500
003
SGT
020
_a
9789384961220
082
_a
340.59,QUR
100
_a
QURESHI,M.A.
245
_a
MUSLIM LAW
250
_a
5TH
260
_a
ALLAHABAD
_b
CENTRAL LAW PUBLICATIONS
_c
2015
300
_a
755
650
_a
MUSLIM LAW
942
_2
ddc
_c
BK
_0
5
999
_c
10457
_d
10457